书目信息 |
| 题名: |
果品加工工艺
|
|
| 作者: | 周山涛 编著 | |
| 分册: | ||
| 出版信息: | 北京 农业出版社 1988 |
|
| 页数: | 104页 | |
| 开本: | 18cm | |
| 丛书名: | 农业生产技术基本知识 | |
| 单 册: | ||
| 中图分类: | TS255.4 | |
| 科图分类: | ||
| 主题词: | 水果加工 | |
| 电子资源: | ||
| ISBN: | 7-109-00162-8 | |
| 000 | 00712oam2 2200253 450- | |
| 001 | 0100923745 | |
| 005 | 20030716095613.0 | |
| 010 | @a7-109-00162-8@dCNY0.75 | |
| 011 | @a7-109-00162-8 | |
| 100 | @a20030711d1988 em y0chiy0120 ea | |
| 101 | 0 | @achi |
| 102 | @aCN@b110000 | |
| 105 | @ay z 000yy | |
| 106 | @ar | |
| 200 | 1 | @a果品加工工艺@9Guo Pin Jia Gong Gong Yi @f周山涛等编著@b专著 |
| 210 | @a北京@c农业出版社@d1988 | |
| 215 | @a104页@d18cm | |
| 225 | 2 | @a农业生产技术基本知识@i农产品加工部分 |
| 462 | 0 | @1001002408257 |
| 606 | 0 | @a水果加工 |
| 690 | @aTS255.4@v4 | |
| 701 | 0 | @a周山涛@f(1919~)@4编著@9zhou shan tao |
| 801 | 0 | @aCN@bAZmarc@c20230831 |
| 905 | @aBZT@dTS255.4@e107@f3@sTS255.4/107 | |
| 果品加工工艺/周山涛等编著.-北京:农业出版社,1988 |
| 104页;18cm.-(农业生产技术基本知识.农产品加工部分) |
| ISBN 7-109-00162-8:CNY0.75 |
| ● |
| 相关链接 |
|
|
|
正题名:果品加工工艺
索取号:TS255.4/107
 
预约/预借
| 序号 | 登录号 | 条形码 | 馆藏地/架位号 | 状态 | 备注 |
| 1 | 2000106977 | 2000106977 | 旧书回溯/ [索取号:TS255.4/107] | 在馆 | |
| 2 | 2000106978 | 2000106978 | 旧书回溯/ [索取号:TS255.4/107] | 在馆 | |
| 3 | 2000106979 | 2000106979 | 旧书回溯/ [索取号:TS255.4/107] | 在馆 |